• 首页
  • 本馆介绍
  • 公告通知
  • 最新文献
  • 馆藏检索
  • 电子资源
  • 读者导购
  • 参考咨询
  • 我的图书馆
  • 登录
  • 详细信息显示
  • 放入我的书架
  • 预约/预借图书
  • 作者相关作品
  • 分类相关作品
  • 丛书相关作品
  • 出版社相关作品

书目信息

  • 表格格式
  • 工作单格式
  • 卡片格式
题名:
自相矛盾的民族
    
 
作者: 卡门 著 ;王晶 译
分册:  
出版信息: 南京   江苏人民出版社  2006
页数: 222页
开本: 23cm
丛书名: 美国的历史与文明系列
单 册:
中图分类: K712.03
科图分类:
主题词: 文化史--研究--美国 , 文化史
电子资源:
ISBN: 7-214-04210-X
000 01166oam2 2200301 450
001 1235033026
005 20121007094430.37
010    @a7-214-04210-X@dCNY18.00
100    @a20070104d2006 em y0chiy50 ea
101 1  @achi@ceng
102    @aCN@b320000
105    @ay z 000yy
200 1  @a自相矛盾的民族@Azi xiang mao dun de min zu@e美国文化的起源@dPeople of paradox@ean inquiry concerning the origins of American civilization@f(美)迈克尔·卡门著@g王晶译@zeng
210    @a南京@c江苏人民出版社@d2006
215    @a222页@d23cm
225 2  @a美国的历史与文明系列
300    @a普利策奖获奖图书
330    @a本书是一部关于美国文化和性格的书。包括湮没的非主流含意、千真万确的奇怪混血儿和两形体的含意三个部分。
461  0 @12001 @a美国的历史与文明系列
510 1  @aPeople of paradox@ean inquiry concerning the origins of American civilization@zeng
517 1  @a美国文化的起源@Amei guo wen hua de qi yuan
606 0  @a文化史@x研究@y美国
606 0  @a文化史
690    @aK712.03@v4
701  0 @c(美)@a卡门@Aka men@c(Kammen, Michael G.)@4著
702  0 @a王晶@Awang jing@c(人生哲学)@4译
801  0 @aCN@bNLC@c20101222
905    @a10447@dK712.03@eJY29
    
    自相矛盾的民族:美国文化的起源=People of paradox:an inquiry concerning the origins of American civilization/(美)迈克尔·卡门著/王晶译.-南京:江苏人民出版社,2006
    222页;23cm.-(美国的历史与文明系列)
    普利策奖获奖图书
    
    ISBN 7-214-04210-X:CNY18.00
    本书是一部关于美国文化和性格的书。包括湮没的非主流含意、千真万确的奇怪混血儿和两形体的含意三个部分。
●
相关链接 在E读中查询图书 在五车中查询图书 在当当中查询图书 在豆瓣中查询图书


正题名:自相矛盾的民族     索取号:K712.03/JY29         预约/预借

序号 登录号 条形码 馆藏地/架位号 状态 备注
1 7832530   278325304   学院路分馆/ [索取号:K712.03/JY29] 在馆    
2 7832531   278325313   学院路分馆/ [索取号:K712.03/JY29] 在馆    
唐山师范学院图书馆 欢迎您!
大连网信软件有限公司© 版权所有